000
00237 a2200097 4500
001
15019
100
_a
Young S.J
245
_a
the testing of internal construction engine
260
_a
London
_b
Hodder stoughton
_c
090
_c
11774
_d
11774
942
_a
NUST-CAE
_c
M
_c
1974
999
_c
250092
_d
250092